[Event "World Team-ch Women 2017"]
[Site "Khanty-Mansyisk"]
[Date "2017.06.17"]
[Round "1"]
[White "Kosteniuk, Alexandra"]
[Black "Ju, Wenjun"]
[Result "1-0"]
[WhiteElo "2537"]
[BlackElo "2583"]
[Annotator "TA"]
[PlyCount "207"]
[EventDate "2017.??.??"]
[EventType "team-tourn"]
[EventCountry "RUS"]
[SourceTitle "playchess.com"]
[Source "ChessBase"]
[SourceQuality "1"]
[WhiteTeam "RUS"]
[BlackTeam "CHN"]
[WhiteTeamCountry "RUS"]
[BlackTeamCountry "CHN"]

{[%evp 12,207,12,6,6,-40,-22,-18,-16,-18,0,-6,10,-7,-20,-26,-18,-42,-28,-35,15,17,22,18,18,27,26,-37,23,26,28,0,41,47,40,40,47,49,81,84,63,56,61,68,115,101,138,73,69,76,105,63,55,61,64,55,83,84,82,80,95,85,181,123,123,87,88,89,116,115,137,134,127,125,127,130,130,130,128,120,117,113,130,130,130,130,130,130,156,148,140,114,114,114,122,122,122,122,121,122,122,114,114,114,114,100,114,0,114,114,114,114,114,114,114,114,114,114,114,114,114,114,114,114,114,115,115,114,122,114,114,114,114,107,107,72,114,114,114,114,114,114,114,114,114,114,114,114,114,114,119,72,72,72,72,74,75,76,83,83,83,83,83,83,83,83,112,102,101,62,74,74,175,175,182,175,422,357,307,307,1331,1273,1310,1280,5428,5041,1948,1804,12435,1462,1397,1366,1178,1110,29982,29983,29981,4724]} 1. e4 e5 2. Nf3 Nc6 3. Bb5 a6 4. Ba4 Nf6 5. d3 d6 6. c4 Be7 7. Nc3 O-O {C77: Ruy Lopez: 3...a6 4 Ba4 Nf6, unusual lines} 8. d4 (8. Bxc6 $5 bxc6 9. O-O $11) (8. h3 Nd4 9. Nxd4 exd4 10. Ne2 c5 11. O-O Rb8 12. Nf4 b5 13. Bb3 Bb7 14. Nd5 Nxd5 15. exd5 {0-1 (57) Velicka,P (2420)-Gavrilov,A (2498) Schwaebisch Gmuend 2017}) 8... exd4 9. Nxd4 Nxd4 {The position is equal.} 10. Qxd4 c6 $146 ({Predecessor:} 10... Nd7 11. Nd5 Nc5 12. Bc2 f5 13. O-O fxe4 14. b4 Ne6 15. Qxe4 {1-0 (62) Drewes,M (2120)-Reinhard,T Germany 1990}) 11. O-O b5 12. Bc2 Be6 13. cxb5 axb5 {[%cal Ba6b5,Bb5b4][%mdl 32]} 14. Rd1 Qb8 15. Bg5 b4 16. e5 $1 {[%cal Re5f6]} dxe5 17. Qh4 $1 Re8 18. Bxf6 Bxf6 19. Qxh7+ Kf8 20. Ne4 $40 {[%mdl 128] White attacks.} Ke7 21. Nd6 Rd8 22. Nf5+ Bxf5 $1 23. Qxf5 (23. Bxf5 Rxa2 24. Bg4 Rxa1 $17) 23... Qb5 24. Bb3 Qe2 {...Rxa2 is the strong threat.} 25. Re1 $1 {[%cal Re1e2]} Qxb2 26. Qe4 Qd4 {next ...Qxe4 is good for Black.} 27. Qxc6 Ra7 28. Rac1 Rd6 29. Qb5 (29. Qf3 $142) 29... Qb6 $16 30. Qe2 g6 31. Rc4 Kf8 32. h4 {[%cal Bh2h4,Bh4h5][%mdl 32]} Rad7 33. h5 {Threatens to win with hxg6.} Rd2 34. Qf3 $1 R2d3 35. Rc6 Rxf3 36. Rxb6 Rf4 (36... Bd8 $16 37. Rb8 (37. gxf3 Bxb6 38. Rxe5 Rd2 $14) (37. Rxb4 Ba5 $16) 37... Rc3) 37. g3 (37. hxg6 $18 {Hoping for g3.} Bd8 38. Ra6) 37... Bd8 38. Rb5 ({But not} 38. gxf4 $6 Bxb6 39. Rxe5 Rd2 $14) ({Don't play} 38. Rxe5 $6 Rxf2 39. Rb8 (39. Rxb4 Rdd2 $11) 39... Rfd2 $14) (38. hxg6 $6 Bxb6 39. gxf4 Rd2 $11) 38... Rf6 39. hxg6 ({Much weaker is} 39. Rxb4 Bb6 $11) 39... Rxg6 40. Rexe5 Rg4 41. Rb8 Kg7 42. Reb5 Be7 43. Kg2 Rgd4 44. Rf5 Bf6 45. Rbb5 Bd8 46. Rf3 Re4 47. Rh5 Red4 48. Rhf5 {[%cal Rf5f7]} f6 49. Rb5 Be7 50. Re3 Bf8 51. f4 Re7 52. Kf3 Rxe3+ 53. Kxe3 {[%mdl 4096] Endgame KRB-KRB} Rd7 54. Ke4 Rc7 55. Rb8 Ra7 56. Kf5 Ra5+ 57. Kg4 Ra7 58. Kh4 Rd7 59. Kg4 Ra7 60. Rd8 Rc7 61. Kf5 Rc5+ 62. Bd5 Rc7 63. g4 Ra7 64. Rc8 Rd7 65. Bc4 Ra7 66. Rb8 Rc7 {aiming for ...Rc5+.} 67. Bd5 Rd7 68. Rb5 Rc7 69. Rb6 Be7 70. Ra6 Rd7 71. Ke6 Rc7 72. Be4 Bf8 73. Bc6 Re7+ 74. Kf5 Rc7 75. Bd5 Be7 76. Re6 Rd7 77. Bb3 Rc7 78. Re2 Ra7 79. Rd2 Rc7 80. Rh2 Bd6 81. g5 (81. Re2 {is interesting.} Bc5 82. Re4 Be7 83. Re6 Rc5+ 84. Ke4) 81... fxg5 82. Kxg5 Rc5+ 83. Kg4 Rc1 84. Rd2 Rg1+ 85. Kf5 Rg6 86. Ke4 Be7 87. Rd7 Kf6 88. Rb7 Rg1 89. Rb6+ Kg7 90. f5 Re1+ 91. Kd5 Rg1 {[#]} (91... Bf6 $16 {was worth a try.}) 92. Ke6 $1 $18 {[%cal Re6e7]} Re1+ 93. Kd7 Bc5 $2 (93... Bf6 {keeps fighting.} 94. Rxb4 Kh6) 94. Rg6+ Kh7 95. Rg4 Re7+ $2 (95... Rf1 96. Ke6 Re1+ 97. Kf7 Kh6) 96. Kc6 Re5 97. f6 {[%cal Bf5f6,Bf6f7][%mdl 32]} Bf8 98. f7 Rc5+ 99. Kd7 Bg7 100. Rxb4 (100. Be6 $142 Re5 101. Ke7 Bf8+ 102. Kxf8 Rxe6 103. Rh4+ Kg6 104. Kg8) 100... Kh6 101. Rb6+ Kg5 102. Rb8 Rf5 103. Rg8 Kh6 {[#]} 104. Ke7 {Precision: White = 65%, Black = 57%.} (104. Rxg7 $142 $1 Kxg7 105. Ke7 Rf1 106. a3 Re1+ 107. Be6 Rf1 108. a4 Rf3 109. a5) 1-0

[Event "World Team-ch Women 2017"]
[Site "Khanty-Mansyisk"]
[Date "2017.06.17"]
[Round "1"]
[White "Harika, Dronavalli"]
[Black "Dzagnidze, Nana"]
[Result "1-0"]
[WhiteElo "2535"]
[BlackElo "2533"]
[Annotator "TA"]
[PlyCount "143"]
[EventDate "2017.??.??"]
[EventType "team-tourn"]
[EventCountry "RUS"]
[SourceTitle "playchess.com"]
[Source "ChessBase"]
[SourceQuality "1"]
[WhiteTeam "IND"]
[BlackTeam "GEO"]
[WhiteTeamCountry "IND"]
[BlackTeamCountry "GEO"]

{[%evp 11,143,8,39,26,35,50,46,37,64,14,33,6,37,11,28,33,43,28,43,32,49,43,33,39,45,47,55,35,44,-14,-6,-6,-6,-6,-11,-6,0,0,0,-62,-65,-57,-54,-124,-81,-98,-21,-54,-80,-78,-28,-117,-117,-117,-117,-117,-117,-117,-109,-108,-100,-117,-117,-143,-97,-120,-28,-101,0,-69,0,0,0,0,105,104,339,347,330,353,331,176,214,165,1362,1356,1222,1102,29983,29984,29985,29986,29990,1669,1661,1163,1110,1112,900,447,415,406,602,508,593,582,567,548,714,720,593,522,1270,1126,953,864,12841,12841,12840,12817,12843,12843,12844,12844,12845,12845,12845,12844,12845,12844,12845,12846,12846,12846]} 1. e4 c5 2. Nf3 d6 3. d4 cxd4 4. Nxd4 Nf6 5. Nc3 a6 6. h3 Nc6 7. g4 {B90: Sicilian Najdorf: Unusual White 6th moves, 6 Be3 Ng4 and 6 Be3 e5} Nxd4 (7... Qb6 8. Nb3 e6 9. g5 Nd7 10. h4 Qc7 11. Be3 b5 12. a3 Bb7 13. f4 Nc5 14. Bg2 Be7 {½-½ (24) Svidler,P (2755)-Artemiev,V (2682) Sochi 2017}) 8. Qxd4 e5 9. Qd3 {White is slightly better.} Be6 10. Bg2 Rc8 11. Be3 Be7 12. O-O-O $146 (12. g5 $5 {[%cal Rg5f6]} Nd7 13. h4 $11) ({Predecessor:} 12. Qd2 O-O 13. Bf3 Nd7 14. Be2 Qc7 {½-½ (26) Wegener,O (2439)-De Gleria,F (2381) Germany 2017}) 12... Qa5 13. a3 Nd7 14. Nd5 Nc5 15. Qe2 Bxd5 16. Rxd5 O-O 17. Kb1 Qa4 18. f3 Ne6 19. Qd2 Rfd8 20. Rd1 (20. h4 $14) 20... h6 $1 $11 21. Bf1 Bg5 22. Bxg5 hxg5 23. c3 Rc6 24. Ka2 Rb6 25. b4 ({White should try} 25. Ka1 $11) 25... Rc8 {Strongly threatening ...Rxb4!} 26. Rc1 Qc6 27. Qb2 (27. c4 $15) 27... Nf4 $36 {[%mdl 2048] Keeping White busy.} 28. Rd2 {[#]} a5 $1 {[%mdl 512]} 29. b5 (29. bxa5 Rxb2+) 29... Qc5 30. a4 Qe3 31. c4 (31. Be2 $1 $11) 31... Qxf3 $17 32. Re1 Qg3 $1 {[%cal Rg3e1]} 33. Red1 Ne6 34. Qa3 Qf4 35. Qc3 Ra8 $1 ({Wrong is} 35... Qxe4 $2 36. Bd3 $18) 36. Bd3 Qg3 37. Kb2 Qxh3 38. Rg1 Nd4 ({Black should play} 38... Kf8 $17 {Hoping for ...Ke7.} 39. Bc2 Qxc3+ 40. Kxc3 Nf4) 39. Be2 {[#]} (39. Rf1 $11 {keeps the balance.}) 39... Qh2 (39... Qxc3+ $1 $17 40. Kxc3 Re8) 40. Qe3 (40. Rf1 $11) 40... Rc8 (40... Qf4 $15 41. Qd3 Qh2) 41. Rg3 $1 $11 Qh6 {Threatens to win with ...Qf6.} 42. Bf1 Qf6 (42... d5 $11 43. exd5 Qf6) 43. Rh3 $16 {[%mdl 1024] aiming for Rf2. White has strong compensation.} Re8 $2 {[#]} (43... Qxf1 $16 44. Rdh2 f5 45. Rh8+ Kf7 46. Rxc8 f4) 44. Rdh2 $1 $18 {[%csl Gh2][%cal Rh3h8]} Kf8 45. Rf2 Qg6 {...Ke7 would now be nice for Black.} 46. Qd2 (46. Qc3 $142 Ne6 47. Qxa5) 46... d5 47. Qxa5 dxc4 $2 (47... Qd6) 48. Bxc4 f5 49. gxf5 {[%cal Bg4f5,Bf5f6][%mdl 32]} Qd6 50. f6 {[%cal Rh3h8]} Ne6 51. Rd2 Qc5 52. Rh8+ (52. Rd7 $142 Qf2+ 53. Ka3 Qc5+ 54. Qb4 Qxb4+ 55. Kxb4 Re7 56. fxe7+ Kf7 57. Rh8) 52... Kf7 53. Rxe8 {White threatens fxg7 and mate.} Qxc4 54. fxg7 Nxg7 55. Red8 (55. Rxe5 $142 Re6 56. Rxg5 Rxe4 57. Rf2+ Rf4 58. Qd2 Rxf2 59. Qxf2+ Kg8 60. Qd2) 55... Rf6 {intending ...Rf3.} 56. Qc3 Qxe4 (56... Qxa4 $142 57. Qb3+ (57. Qxe5 Qb4+ 58. Kc1 Rf1+ 59. Rd1 Qc4+ 60. Kb2 Qb4+ 61. Kc2 Qa4+ 62. Kc1 Qc4+ 63. Kb2 Qb4+ 64. Kc2 Qa4+ 65. Kc1 Qc4+ $11) 57... Qxb3+ 58. Kxb3 Kg6) 57. R8d7+ {White is clearly winning.} Kg6 58. Qc2 Qxc2+ 59. Rxc2 {[%mdl 4096] Endgame KRR-KRN} g4 60. Rxb7 g3 61. Rd7 {a5 is the strong threat.} e4 62. a5 Rf5 63. b6 {[%cal Bb5b6,Bb6b7][%mdl 32]} Rxa5 64. b7 Rb5+ 65. Ka2 e3 66. Rc6+ Kh7 67. Rcc7 e2 68. Rxg7+ Kh6 69. Rh7+ Kg6 70. Rh1 g2 71. Rg1 Kf6 72. Rc6+ {Precision: White = 58%, Black = 43%.} 1-0

[Event "World Team-ch Women 2017"]
[Site "Khanty-Mansyisk"]
[Date "2017.06.17"]
[Round "1"]
[White "Tan, Zhongyi"]
[Black "Lagno, Kateryna"]
[Result "0-1"]
[WhiteElo "2517"]
[BlackElo "2539"]
[Annotator "TA"]
[PlyCount "94"]
[EventDate "2017.??.??"]
[EventType "team-tourn"]
[EventCountry "RUS"]
[SourceTitle "playchess.com"]
[Source "ChessBase"]
[SourceQuality "1"]
[WhiteTeam "CHN"]
[BlackTeam "RUS"]
[WhiteTeamCountry "CHN"]
[BlackTeamCountry "RUS"]

{[%evp 27,94,33,65,40,56,64,68,18,35,9,41,11,92,87,164,176,184,193,182,0,19,11,37,0,0,0,0,6,37,0,0,0,167,177,145,0,0,0,0,0,0,0,0,0,0,0,0,0,0,-366,-357,-295,-71,-161,-56,-862,-824,-814,-793,-773,-756,-29986,-29987,-29987,-29987,-29991,-29988,-29988,-29989]} 1. d4 Nf6 2. c4 g6 3. f3 Bg7 4. e4 d6 5. Nc3 O-O 6. Be3 c5 7. Nge2 Nc6 8. d5 Ne5 9. Ng3 h5 10. Be2 e6 11. O-O exd5 12. cxd5 Nh7 13. Qd2 a6 {A65: Modern Benoni: 6 e4} 14. a4 Bd7 {LiveBook: 6 Games} (14... h4 15. Nh1 f5 16. Nf2 Bd7 17. a5 Qe7 18. h3 Nf7 19. Rfe1 Rae8 20. Bf1 Qd8 21. Nd3 Qf6 {0-1 (42) Gasanov,E (2484)-Mchedlishvili,M (2605) Minsk 2017}) 15. a5 b5 $146 {White is slightly better.} ({Predecessor:} 15... h4 16. Nh1 f5 17. Nf2 Qf6 18. f4 Nf7 19. Ra3 fxe4 20. Rb3 Rab8 21. Ncxe4 Qe7 {0-1 (37) Sowray,P (2365)-Ledger,D (2244) Hampstead 2014}) 16. axb6 $1 Qxb6 17. Na4 Qb7 18. b4 h4 19. Nh1 c4 (19... Qxb4 $11 20. Qxb4 cxb4) 20. Nb6 $16 Bb5 (20... Rab8 $16 {was called for.}) 21. Nxa8 $18 c3 22. Qa2 Rxa8 {[#]} 23. f4 $2 (23. Bxb5 $1 $18 Qxb5 24. Qa4 Qxa4 25. Rxa4) 23... Nd3 $11 24. Qb1 Nb2 (24... c2 $5 25. Qxc2 Rc8 $14) 25. Qc2 Bxe2 26. Qxe2 Qxb4 27. Nf2 Nf6 28. e5 (28. Qf3 $5 {[%cal Re4e5]} Nd7 29. Qh3 $16) 28... Nxd5 29. Qf3 Nxe3 $2 (29... Qb5 $11 {and Black is okay.}) 30. Qxa8+ $18 Kh7 31. Ne4 (31. exd6 $16 Qxd6 32. Ne4 (32. Rxa6 Qxf4 33. Qe4 Qxe4 $11)) 31... Nxf1 $11 32. Ng5+ Kh6 33. Nxf7+ Kh7 34. Ng5+ Kh6 35. Rxf1 {Hoping for Qg8.} Qd4+ 36. Kh1 {aiming for Qg8.} Qc4 $36 {[%cal Rc4f1][%mdl 2048] Black is pushing.} 37. Qf3 {Black must now prevent Qf2.} c2 38. Nf7+ $2 {[%mdl 8192]} (38. Qf2 $2 Qxf1+ 39. Qxf1 Nd3 $19) (38. Rc1 $1 $11 Nd3 39. Rxc2 Qxc2 40. Nf7+ Kh7 41. Ng5+ Kh6 42. Nf7+ Kh7 43. Ng5+ Kh6) 38... Qxf7 $19 39. Qf2 {[%cal Rf2h4] [#]} Qf5 $2 (39... Bxe5 $1 $19 {has better winning chances. Threatens to win with ...Qxf4.} 40. Qxc2 (40. fxe5 Qxf2) 40... Nc4) 40. Qxh4+ $17 Qh5 41. Qf2 $2 {[%mdl 8192]} (41. Qxh5+ $15 Kxh5 42. Rc1 dxe5 43. fxe5 Bxe5 44. Rxc2) 41... c1=Q $19 42. Rxc1 Nd3 43. Qd2 Nxc1 44. e6 Ne2 {Black mates.} 45. f5+ Kh7 46. e7 Qxf5 {[%cal Rf5f1]} 47. Qe1 Qe4 {Precision: White = 42%, Black = 54%.} 0-1

[Event "World Team-ch Women 2017"]
[Site "Khanty-Mansyisk"]
[Date "2017.06.17"]
[Round "1"]
[White "Gunina, Valentina"]
[Black "Zhao, Xue"]
[Result "1-0"]
[WhiteElo "2504"]
[BlackElo "2490"]
[Annotator "TA"]
[PlyCount "93"]
[EventDate "2017.??.??"]
[EventType "team-tourn"]
[EventCountry "RUS"]
[SourceTitle "playchess.com"]
[Source "ChessBase"]
[SourceQuality "1"]
[WhiteTeam "RUS"]
[BlackTeam "CHN"]
[WhiteTeamCountry "RUS"]
[BlackTeamCountry "CHN"]

{[%evp 17,93,35,37,4,9,4,7,8,4,8,20,9,322,318,317,325,343,346,356,342,361,367,365,367,367,366,365,359,361,361,361,357,349,347,490,477,484,474,588,584,578,574,677,568,900,727,947,939,830,979,877,481,464,413,408,402,517,503,570,584,542,510,623,604,592,547,707,769,1988,1843,29989,29990,29992,29993,29995,29992,29992,29987]} 1. e4 {[%cal Be2e4,Be4e5][%mdl 32]} Nf6 {[%cal Bg8f6,Bf6d5,Bd5b6][%mdl 32]} 2. e5 Nd5 3. d4 d6 4. c4 Nb6 5. Nf3 Bg4 6. exd6 exd6 7. Be2 Be7 8. O-O O-O 9. Nc3 Nc6 10. Re1 {B05: Alekhine's Defence: 4 Nf3 Bg4} (10. d5 Bxf3 11. Bxf3 Ne5 12. b3 Bf6 13. Bb2 Nxf3+ 14. Qxf3 a5 15. Rab1 a4 16. Nb5 Bxb2 17. Rxb2 axb3 18. axb3 {1-0 (36) Dvoirys,S (2520)-Bortnyk,O (2585) Jerusalem 2016}) 10... Bf6 11. c5 $146 ({Predecessor:} 11. Qd3 Nb4 12. Qe4 Qd7 13. Ne5 dxe5 14. Bxg4 Qxd4 15. Qf3 Qxc4 16. Re4 Qc5 17. Be3 Qe7 {0-1 (39) Blahut,J (1860)-Soban,J (2146) Czechia 2010}) 11... dxc5 12. dxc5 {The position is equal.} Bxc3 13. bxc3 Qxd1 14. Bxd1 Rfe8 $2 {[%mdl 8192]} (14... Nd5 $11) 15. Rxe8+ $18 ({Less strong is} 15. cxb6 Rxe1+ 16. Nxe1 Bxd1 $16) 15... Rxe8 16. cxb6 Bxf3 17. gxf3 cxb6 {[#] aiming for ...Re1+.} 18. Be3 Na5 19. Be2 Rc8 20. Rd1 Kf8 21. Bb5 Ke7 22. Bf4 Kf6 23. Rd6+ Ke7 24. Rd7+ Ke6 25. Rd3 Rc5 (25... Nc6 {was called for.} 26. Bc4+ Kf5) 26. Bd7+ Kf6 27. Bd6 Rg5+ 28. Kf1 Nc4 29. Bf8 b5 30. Rd4 Nb6 31. Rd6+ Ke5 {[#]} 32. f4+ $1 Kxf4 33. Rd4+ Kf3 34. h4 Nxd7 35. Rxd7 {[%mdl 4096] Endgame KRB-KR} ({Weaker is} 35. hxg5 Nxf8 36. Rd5 g6 $16) 35... Rf5 36. Bxg7 a6 37. Rxb7 Rf4 38. h5 {[%cal Bh4h5,Bh5h6][%mdl 32]} f5 39. Rd7 Rh4 {[%cal Rh4h1]} 40. Rd3+ Kg4 41. h6 Rh1+ 42. Kg2 Ra1 43. Rg3+ Kh5 44. f4 {White mates.} Kh4 45. Bf6+ Kh5 46. Rg5+ Kh4 47. Bd4 {Precision: White = 74%, Black = 39%.} 1-0

[Event "World Team-ch Women 2017"]
[Site "Khanty-Mansyisk"]
[Date "2017.06.17"]
[Round "1"]
[White "Lei, Tingjie"]
[Black "Girya, Olga"]
[Result "1-0"]
[WhiteElo "2488"]
[BlackElo "2480"]
[Annotator "TA"]
[PlyCount "87"]
[EventDate "2017.??.??"]
[EventType "team-tourn"]
[EventCountry "RUS"]
[SourceTitle "playchess.com"]
[Source "ChessBase"]
[SourceQuality "1"]
[WhiteTeam "CHN"]
[BlackTeam "RUS"]
[WhiteTeamCountry "CHN"]
[BlackTeamCountry "RUS"]

{[%evp 13,87,14,22,9,11,8,20,10,0,-25,-27,-21,-26,-27,-27,-83,-73,-100,-92,-85,-92,-89,-58,-83,-77,-92,-105,-113,-91,-83,-29,-19,0,0,0,-26,-29,-106,-82,-99,-20,-47,-37,-50,-55,-54,-18,-28,-35,-33,-34,-125,-20,-56,-25,-25,-35,-163,-22,-29,-23,-79,-32,-38,-32,-122,0,0,0,0,70,69,29990,29991,29992,-45]} 1. e4 c6 2. d4 d5 3. e5 Bf5 4. Nd2 e6 5. Nb3 Nd7 6. Nf3 Qc7 {B12: Caro-Kann: Advance Variation} 7. Be2 c5 {LiveBook: 7 Games} 8. dxc5 (8. O-O c4 9. Nbd2 h6 10. c3 Ne7 11. b3 cxb3 12. Qxb3 Nc6 13. c4 Na5 14. Qa4 dxc4 15. Nxc4 Nxc4 16. Bxc4 {0-1 (51) Rublevsky,S (2689)-Fedoseev,V (2673) Novi Sad 2016}) 8... Bxc5 {The position is equal.} 9. Nxc5 Qxc5 10. c3 Ne7 11. Nd4 Nxe5 12. Qa4+ N5c6 13. Nb5 Qb6 14. Be3 $146 (14. Nd6+ $11 Kf8 15. O-O) ({Predecessor:} 14. Nd6+) 14... Qd8 $17 15. Nxa7 Qd7 16. Bb5 O-O {aiming for ...Qc7.} 17. Qd1 Rfb8 {And now ...Qc7 would win.} 18. b4 d4 19. Nxc6 bxc6 {[%cal Bb7c6,Bc6c5][%mdl 32]} 20. Bc4 c5 21. O-O e5 (21... Nd5 $17 22. Bxd5 Qxd5 23. cxd4 cxb4) 22. Bd2 $1 $11 Be6 (22... cxb4 {is more complex.} 23. cxb4 Ra3 24. Qc1 Rba8 25. b5 Qd6) 23. Bxe6 Qxe6 24. bxc5 d3 25. Be3 (25. a4 $11) 25... Qc4 $1 $17 26. Qh5 Nc6 ({Much weaker is} 26... Qxc3 27. Rac1 $11) ({Better is} 26... f5 $17 27. Qg5 Re8) 27. Qf5 $11 Rd8 28. Rfd1 Rxa2 29. Rab1 Ra7 30. h4 h6 31. Rb6 Rc7 32. Qf3 (32. h5 $15) 32... e4 ({Black should try} 32... Qa4 $17 33. Rdb1 Qxh4) 33. Qg3 Rdc8 34. Bxh6 {[%csl Gh6][%cal Rg3g7]} Qxc3 35. Bf4 {[#]} (35. Qg4 $15) 35... Re7 (35... Nd4 $1 $19 {[%cal Rd4e2] ...Ne2+ is the strong threat.} 36. Be5 f6 37. Bxd4 Qxd4) 36. Be3 Nd4 37. Qg4 (37. Kh2 $11 {keeps the balance.}) 37... Ne2+ 38. Kh1 Rce8 39. h5 {[#]} (39. Rd6 $15) 39... Re6 (39... Qe5 $1 $17 40. Bg5 Re6) 40. h6 Qf6 41. Rdb1 $36 {[%mdl 2048] Strongly threatening Rxe6. White has the initiative.} g6 (41... Qg6 $11 42. Qxg6 Rxg6) 42. Rxe6 $1 $14 Rxe6 $4 {[%mdl 8192] [#]} (42... Qxe6 $14 43. Qxe6 Rxe6) 43. h7+ $1 {[%mdl 512]} Kg7 {[#]} (43... Kxh7 44. Qh3+) 44. h8=Q+ $1 {[%mdl 33280] Precision: White = 39%, Black = 32%. . Loss on Time!?} 1-0

[Event "World Team-ch Women 2017"]
[Site "Khanty-Mansyisk"]
[Date "2017.06.17"]
[Round "1"]
[White "Socko, Monika"]
[Black "Mamedjarova, Zeinab"]
[Result "1-0"]
[WhiteElo "2485"]
[BlackElo "2289"]
[Annotator "TA"]
[PlyCount "127"]
[EventDate "2017.??.??"]
[EventType "team-tourn"]
[EventCountry "RUS"]
[SourceTitle "playchess.com"]
[Source "ChessBase"]
[SourceQuality "1"]
[WhiteTeam "POL"]
[BlackTeam "AZE"]
[WhiteTeamCountry "POL"]
[BlackTeamCountry "AZE"]

{[%evp 24,127,41,20,23,22,35,2,13,-16,-27,-18,-14,-12,-18,-36,0,0,23,0,0,0,39,25,40,35,54,22,39,33,57,32,37,16,49,55,68,28,30,28,42,18,23,-108,0,0,-61,-213,-249,-261,-162,-245,-111,-122,-103,-143,-172,-259,-213,-232,-237,-240,-52,-47,-55,-57,-57,-422,-44,-83,-8,-23,-17,-8,0,0,0,0,0,0,0,0,0,0,0,0,0,0,7,4,11,13,6,0,29984,29985,29985,29986,29986,4133,29987,29988,29988,29989,29989,29990]} 1. e4 e5 2. Nf3 Nf6 3. Nxe5 d6 4. Nf3 Nxe4 5. d4 d5 6. Bd3 Bd6 7. O-O O-O 8. c4 c6 9. Re1 Bf5 10. Qc2 {C42: Petroff Defence: 3 Nxe5 and unusual White 3rd moves} (10. Nc3 Nxc3 11. bxc3 Bxd3 12. Qxd3 dxc4 13. Qxc4 Nd7 14. Rb1 Qc7 15. Qb3 b5 16. c4 bxc4 17. Qxc4 c5 18. dxc5 {½-½ (18) Anand,V (2779)-Caruana,F (2823) Saint Louis 2016}) 10... Na6 11. a3 Bg6 12. c5 Bc7 13. Nc3 {[%cal Rc3e4] LiveBook: 10 Games} f5 14. b4 Nb8 15. Ne5 Nd7 16. Bf4 $146 ({Predecessor:} 16. Nxg6 hxg6 17. g3 Qf6 18. Nxe4 fxe4 {½-½ (32) Morokova,L (2382)-Roos,J (2415) ICCF email 2014}) 16... Nxe5 17. Bxe5 Bxe5 18. dxe5 Qe7 19. f4 Kh8 20. Ne2 a5 21. Nd4 Bh5 22. Qb2 Be8 23. Rac1 axb4 24. axb4 h6 25. Re3 (25. Ra1 $5 {[%cal Ra1a8]} Bd7 26. g3 $14) 25... Bd7 26. Rf1 (26. Rh3 {keeps more tension.} Kh7 27. Bc2 Rg8 28. Rf1 g5 29. Qc1) 26... Rab8 27. Bxe4 dxe4 28. Rg3 (28. g4 $5) 28... b6 29. Qc3 bxc5 30. bxc5 Kh7 31. h3 Be8 32. Kh2 Rd8 33. Ra1 (33. Qb2 $11 {remains equal.}) 33... Rd5 (33... g5 $17 34. fxg5 hxg5) 34. Qb4 (34. Qc4 $11) 34... g5 $15 35. Rf1 $2 (35. Rga3 $15 gxf4 36. e6 Qxc5 37. Qb7+ Kg6 38. Ne2) 35... gxf4 $19 36. Rxf4 Qxe5 37. Ne2 Rd3 (37... Bh5 $19 38. Qb7+ Rf7 39. Qxc6 Rxc5) 38. Rxd3 $17 exd3 39. Ng3 Bg6 40. Qd2 (40. Qd4 $142 Re8 41. Kg1) 40... Re8 41. Rf3 Re7 42. h4 {[#] and the idea h5 leaves White hopeful.} Rg7 $2 (42... h5 $1 $19 43. Kh3 f4) 43. h5 $15 Bxh5 44. Re3 $1 {[%cal Re3e5]} Qf4 45. Kg1 $2 {[%mdl 8192]} (45. Qxd3 $15 Bg6 46. Rf3 Qh4+ 47. Kg1) 45... Bg6 $2 (45... Bf3 $1 $19 46. Qxd3 Rxg3 47. Qd7+ Kg6 48. Re6+ Kh5 49. Qf7+ Kh4 50. Qe7+ Qg5 51. Rxh6+ Bh5 52. Qxg5+ Kxg5) 46. Rxd3 Qg4 ({Black should try} 46... Qe5 $17 {aiming for ...f4.} 47. Qc3 Qxc3 48. Rxc3 Rd7) 47. Rf3 Qc4 48. Qd6 Qb5 49. Kh2 Rf7 50. Qe5 f4 51. Ne4 Bxe4 $1 52. Qxe4+ $11 {[%mdl 4096] Endgame KQR-KQR} Kg7 53. Qe5+ Kh7 54. Qe6 Kg7 $1 55. Rh3 Rf6 56. Qe7+ Rf7 57. Qe5+ Rf6 58. Rh4 {Threatening mate with Rg4+.} Qa4 $2 {[%mdl 8192] [#]} (58... Kf7 $11) 59. Qe7+ Kg6 60. Qe8+ Kf5 61. Rh5+ Kg4 62. Re5 {[%csl Ge5][%cal Re8h5] White mates.} Rf5 63. Qe6 Qc2 64. Qg6+ {Precision: White = 46%, Black = 41%.} 1-0